00403nam a2200121Ia 4500041001200000082001200012100004800024245009600072260006600168300000900234650002200243650001600265 aEnglish aRP.0318 aPandey, SushmauD.D.U. Gorakhpur University 0aUnderstanding child abuse in school setting :bPsycho-social perspectives / cSushma Pandey aNew Delhi :bIndian Council of Social Science Research,c2017 av.p. aSocial Psychology aChild Abuse